000 00913cam a2200253 4500
008 020415n1998 000 0 eng u
020 _a1873394306
035 _a(Sirsi) u117482
041 _aeng.
050 _a693.6
100 _aMillar, W.
245 _aPlastering plain and decorative
260 _aDonhead
_bDonhead
_c1998
300 _a760p.
_bill.
_c28cm.
350 _a95.00
520 _aFirst published in 1897, this text presents a comprehensive coverage of traditional plasterwork, including everything from plain lime plastering through to hand modelling and cast plasterwork. Offers a useful record of a craftsman's intimate knowledge of these traditional materials and techniques.
650 _aPLASTERING
650 _aPLASTER
650 _aCRAFTSMANSHIP
650 _aPLASTERWORK
650 _aBUILT ENVIRONMENT-BUILDING MATERIALS
690 _aBUILT ENVIRONMENT
942 _n0
999 _c101998
_d101998